000 01001cab a2200277 4500
001 ##L134074
008 060706n2006 000 0 eng u
035 _a(Sirsi) u134074
041 0 _aeng
100 1 _aCunningham, Daniel
245 0 0 _aFocus
_bLondon and north boroughs
260 _c2006
490 0 _aEstates Gazette
_v(0626) 1 July 2006, 113-143(10)
520 _aLooks at a mixed-use scheme around Wembley Stadium in Brent anchored by a supercasino; several residential redevelopments in Highbury and Islington, including at Arsenal FC's former ground; and Camden's inability to attract office or retail-led schemes even with the booming office development on its borders.
590 _aIKA180706
651 4 _aNORTH LONDON
651 4 _aBRENT
651 4 _aWEMBLEY
651 4 _aHIGHBURY AND ISLINGTON
651 4 _aCAMDEN
690 _aPROPERTY-PROPERTY DEVELOPMENT
700 1 _aMeadwell, Stacey
700 1 _aTaylor, Andrew
700 1 _aElghamry, Nadia
942 _n0
999 _c77356
_d77356